Famous Cartoon Eyes Quiz Stats

 Plays Quiz Updated Oct 4, 2018

Challenge
Share
Tweet
Score 0/20 Timer 03:00
6 Plays Today
Row/column Character % Correct
Row 1, column 5Spider-man
99.2%
Row 1, column 1Homer Simpson
98.4%
Row 4, column 1Garfield
95.2%
Row 5, column 1Pink Panther
91.5%
Row 3, column 2Batman
88.7%
Row 3, column 1Tom
87.1%
Row 2, column 1Betty Boop
84.9%
Row 4, column 2Taz
84.5%
Row 1, column 2Bugs Bunny
83.2%
Row 2, column 2Popeye
82.1%
Row/column Character % Correct
Row 2, column 4Charlie Brown
79.3%
Row 1, column 3Eric Cartman
72.6%
Row 3, column 4Peter Griffin
70.3%
Row 5, column 4Hello Kitty
69.9%
Row 3, column 3Mickey Mouse
66.7%
Row 4, column 5Woody Woodpecker
66.1%
Row 3, column 5Ash Ketchum
62.5%
Row 5, column 2Jessica Rabbit
59.8%
Row 2, column 5Felix the Cat
43.7%
Row 5, column 3Droopy
30%

You're not logged in!

Compare scores with friends on all Sporcle quizzes.
OR
Log In

You Might Also Like...

Show Comments

Extras

Top Quizzes Today


Score Distribution

Your Account Isn't Verified!

In order to create a playlist on Sporcle, you need to verify the email address you used during registration. Go to your Sporcle Settings to finish the process.

Report this User

Report this user for behavior that violates our Community Guidelines.

Details: